[Event "Sapporo Autumn Chess Tournament 2025"]
[Site "Sapporo Chess Club"]
[Date "2025.10.12"]
[Round "1.1"]
[White "Kaga, Kazuyuki"]
[Black "kuramoto, koutarou"]
[Result "0-1"]
[WhiteElo "1481"]
[BlackElo "1775"]
[Annotator "Fritz 11 SE (30s)"]
[PlyCount "82"]
[EventDate "2025.10.12"]

{[%mdl 8192] B43: Sicilian: Kan Variation: 5 Nc3} 1. e4 c5 2. Nc3 e6 3. Nf3 a6
4. d4 cxd4 5. Nxd4 Qc7 6. Bd3 Nf6 7. O-O b5 8. Re1 Bc5 9. Nf3 d6 10. h3 Bb7 11.
Bg5 Nbd7 12. Qd2 O-O $146 {White has an active position} (12... h6 13. Bf4 e5
14. Be3 Bxe3 15. Rxe3 Bc6 16. a3 Nc5 17. Rae1 Rd8 18. b4 Nxd3 19. cxd3 O-O 20.
Nh4 Kh7 21. Rf3 Ng8 22. Nf5 Ne7 23. Rc1 Nxf5 24. Rxf5 Qb7 25. Nd1 Bd7 26. Rf3
Be6 27. Ne3 {Sivuk,V (2324)-Grinev,V (2297) Ilichevsk 2008 0-1 (73)}) 13. Qf4 {
[%cal Ye4e5] White prepares e5} h6 14. Bxh6 gxh6 15. Qxh6 Nh7 $4 {weakening
the position} (15... Rfd8 $142 $5 $17) 16. e5 (16. Ng5 $142 {and White has
reached his goal} Nxg5 17. Qxg5+ Kh8 18. Nd5 Bxd5 19. exd5 $18) 16... f5 $11
17. exf6 (17. exd6 $5 {might be a viable alternative} Bxd6 18. Rxe6 $11) 17...
Ndxf6 $15 18. Rxe6 Qg7 $4 {gives the opponent counterplay} (18... Bxf3 $142 {
would bring relief} 19. gxf3 Qg7+ 20. Qxg7+ Kxg7 $15) 19. Bxh7+ $16 Qxh7 20.
Rxf6 Rxf6 (20... Qxh6 21. Rxh6 Rae8 22. Rh4 $16) 21. Qxf6 Rf8 22. Qe6+ Kh8 23.
Nd5 Qg7 24. Rd1 $4 {lets it slip away} (24. Kf1 $142 $18 {White clearly has
the better chances}) 24... Rxf3 $17 25. Qe8+ Rf8 26. Qh5+ Qh7 27. Qxh7+ Kxh7
28. Rd2 (28. Ne3 $5 $17) 28... Bxd5 $19 29. Rxd5 Rxf2 $4 {forfeits the clear
win.} (29... Bxf2+ $142 30. Kh2 Be3 $19) 30. Kh2 (30. Rxc5 $142 {secures
victory} Rd2 31. Rc7+ Kg6 32. b4 $18) 30... Rxc2 $19 31. Rf5 (31. a4 {does not
save the day} Rxb2 32. axb5 axb5 $19) 31... Kg6 (31... Rxb2 {makes it even
easier for Black} 32. Rf7+ Kg6 33. Rb7 $19) 32. Rf3 (32. Rf8 {doesn't change
anything anymore} Rxb2 33. Rg8+ Kf7 $19) 32... Rxb2 33. Rg3+ Kf5 34. h4 (34.
Rf3+ {cannot change destiny} Ke4 35. h4 Rxa2 $19) 34... d5 (34... Rxa2 $142 {
keeps an even firmer grip} 35. h5 b4 36. h6 $19) 35. Rg5+ Kf4 36. Rxd5 (36. Kh3
{does not help much} Rxa2 37. Rxd5 Ra3+ 38. Kh2 Bf2 $19) 36... Bf2 37. h5 Kg4
38. Rd1 (38. Rd3 {cannot change what is in store for White} Kxh5 39. Kh3 Rxa2
40. Rd5+ Kg6 $19) 38... Bg3+ 39. Kg1 Kxh5 40. a3 Ra2 41. Rd3 (41. Kf1 {the
last chance for counterplay} Rxa3 42. Ke2 $19) 41... Ra1+ (41... Ra1+ 42. Rd1
Rxd1#) 0-1

[Event "Sapporo Autumn Chess Tournament 2025"]
[Site "Sapporo Chess Club"]
[Date "2025.10.12"]
[Round "1.2"]
[White "Yoshii, Yukihiko"]
[Black "Denta, Seiichi"]
[Result "1-0"]
[WhiteElo "1753"]
[BlackElo "1376"]
[Annotator "Fritz 11 SE (30s)"]
[PlyCount "73"]
[EventDate "2025.10.12"]

{[%mdl 8256] A36: Symmetrical English vs ...g6: 4 Bg2 Bg7} 1. c4 c5 2. Nc3 Nf6
3. g3 e6 4. Bg2 Nc6 5. e3 a6 (5... d5 6. d3 Be7 7. Nge2 O-O 8. cxd5 exd5 9. O-O
d4 10. exd4 cxd4 11. Ne4 Bf5 12. Bd2 Qd7 13. Rc1 Rfe8 14. Re1 Nxe4 15. dxe4 Bg4
16. f3 Be6 17. Nf4 Rad8 18. Nd3 f6 19. a3 Ne5 20. Bf1 {Dlugy,M (2531)-Kramnik,
V (2751) ICC INT 1999 1/2-1/2 (42)}) 6. Nge2 d6 $146 (6... d5 7. Nxd5 exd5 8.
O-O Be7 9. d4 dxc4 10. a3 O-O 11. Nc3 Be6 12. Qf3 Bg4 {1/2-1/2 (12) Martinez
Romero,M (2395)-Agudelo,A (2253) Bogota 2013}) 7. d4 Be7 8. O-O O-O 9. b3 Rb8
10. Bb2 Bd7 11. Qd2 b5 12. cxb5 axb5 13. Rac1 (13. dxc5 $5 dxc5 14. Rad1 $14)
13... c4 $15 {Black wins space} 14. d5 {White threatens to win material: d5xc6}
Ne5 15. Rc2 (15. dxe6 fxe6 16. Ne4 Nd3 17. Nxf6+ Bxf6 (17... Rxf6 $143 18. Bxf6
Nxc1 19. Bxe7 (19. Qxc1 $6 gxf6 20. bxc4 Rc8 $11) 19... Nxe2+ 20. Qxe2 Qxe7 21.
bxc4 $16) 18. Bxf6 Rxf6 $15 (18... gxf6 $143 19. Rc2 $14)) 15... Nd3 (15... b4
$142 16. Ne4 Nxe4 17. Bxe4 c3 18. Nxc3 bxc3 19. Rxc3 Ng4 $17) 16. Nf4 $2 (16.
dxe6 fxe6 17. bxc4 bxc4 18. Nf4 $17) 16... Nc5 $4 {hands over the advantage to
the opponent} (16... Nxb2 $142 {Black has a promising position} 17. Rxb2 b4 18.
dxe6 fxe6 (18... bxc3 $6 19. exf7+ Rxf7 20. Qxc3 $17) 19. bxc4 bxc3 20. Qxc3
Rxb2 21. Qxb2 Qc7 $19) 17. b4 $11 Na4 (17... Na6 $142 $5 {and Black can hope
to survive} 18. dxe6 fxe6 $11) 18. Nxa4 $16 bxa4 19. a3 (19. Bxf6 Bxf6 20. dxe6
fxe6 21. Rxc4 g5 $16) 19... e5 20. Ne2 Bb5 21. Nc3 h6 $4 (21... Bd7 $142 $14 {
had to be tried to avoid defeat}) 22. Nxb5 $18 Rxb5 23. Rxc4 Qd7 24. Rfc1 Rb7
25. Qc2 Bd8 26. Rc6 Bb6 (26... Ra7 {is not much help} 27. Qd3 $18) 27. Qxa4 Ra7
(27... Ng4 {doesn't do any good} 28. Qa6 Rfb8 29. Qd3 $18) 28. Qc2 Rb7 29. h3 (
29. a4 {makes it even easier for White} Rfb8 $18) 29... g6 (29... Rfb8 {
cannot undo what has already been done} 30. Bc3 $18) 30. Kh2 (30. a4 {might be
the shorter path} Rfb8 $18) 30... Kg7 (30... h5 {does not solve anything} 31.
a4 Rfb8 32. Ba3 $18) 31. Qc3 (31. f4 {seems even better} Re8 32. fxe5 dxe5 $18)
31... Re8 {[%cal Ye5e4] Black prepares the advance e4} (31... Ng8 {doesn't
improve anything} 32. a4 Ne7 33. a5 $18) 32. f4 Kh7 (32... h5 {is no salvation}
33. Rf1 Bd8 34. fxe5 dxe5 35. Qc5 $18) 33. fxe5 dxe5 (33... Rxe5 {there is
nothing else anyway} 34. Qc2 Ne8 35. Bxe5 dxe5 $18) 34. Rxf6 e4 (34... Bd8 {
no good, but what else?} 35. Rc6 h5 $18) 35. Bxe4 (35. Rd6 Rg8 36. Rxd7 Rxd7
37. Qc6 Re7 38. Qxb6 Rge8 39. Qf6 Rg8 40. Qxe7 h5 41. Qxf7+ Kh6 42. h4 g5 43.
Qxg8 gxh4 44. Rc6#) 35... Rxe4 36. Rxf7+ $1 {Clearance: f6.} Qxf7 (36... Qxf7
37. Qh8# {Mate attack Clearance}) 37. Qh8# 1-0

[Event "Sapporo Autumn Chess Tournament 2025"]
[Site "Sapporo Chess Club"]
[Date "2025.10.12"]
[Round "1.3"]
[White "Yajima, Machiko"]
[Black "Nishimori, Toshiyuki"]
[Result "0-1"]
[WhiteElo "1327"]
[BlackElo "1699"]
[Annotator "Fritz 11 SE (30s)"]
[PlyCount "109"]
[EventDate "2025.10.12"]

{[%mdl 8192] D02: 1 d4 d5 2 Nf3 sidelines, including 2...Nf6 3 g3 and 2...Nf6
3 Bf4} 1. d4 Nf6 2. Nf3 d5 3. Bf4 g6 4. g3 $146 (4. c3 Bg7 5. e3 O-O 6. h3 (6.
Nbd2 b6 7. Bd3 Bb7 8. O-O c5 9. Qe2 e6 10. h3 Qe7 11. a3 Nfd7 12. e4 Re8 13.
Rfe1 cxd4 14. cxd4 dxe4 15. Nxe4 Nf6 16. Nd6 Rd8 17. Nxb7 Qxb7 18. Rac1 Nd5 19.
Bg3 a6 20. Ne5 Qe7 {Szekely,P (2465)-Beliavsky,A (2645) Hungary 1998 1/2-1/2})
6... b6 7. Nbd2 Bb7 (7... c5 8. b4 Bb7 9. bxc5 bxc5 10. Qa4 Nbd7 11. Be2 Ne4
12. Nxe4 dxe4 13. Nd2 cxd4 14. cxd4 e5 15. dxe5 Nxe5 16. Bxe5 Bxe5 17. Rd1 Qe8
{1/2-1/2 (17) Dresen,U (2300)-Brueckner,T (2345) Germany 1987}) 8. a4 c5 9. Ne5
Nc6 10. Nxc6 Bxc6 11. Bb5 Bb7 12. Be2 Nd7 13. Nf3 e5 14. dxe5 Qe7 15. a5 Nxe5
16. Bxe5 Bxe5 17. Qa4 d4 18. cxd4 cxd4 {Petrovic,M (2221)-Dimitrijevic,A (2295)
Belgrade 2005 0-1 (75)}) (4. e3 Nh5 5. Bg5 h6 6. Bh4 g5 7. Nfd2 Nf6 8. Bg3 Nc6
9. h4 g4 10. Bb5 Bd7 11. Nc3 a6 12. Ba4 e6 13. Ne2 Nh5 14. Nf4 Nxg3 15. fxg3 h5
16. c3 Bd6 17. e4 dxe4 18. Nxe4 Qe7 {Zalai,M (2158)-Farago,S (2234) Hungary
2012 0-1 (47)}) 4... Bg7 5. Bg2 c6 6. Qc1 O-O 7. Bh6 (7. Nc3 Bf5 $11) 7... Bf5
(7... Bxh6 $5 {is worth consideration} 8. Qxh6 Qb6 $17) 8. Bxg7 $11 Kxg7 {
Black king safety dropped} 9. Nc3 Nbd7 10. Nh4 Be6 11. O-O Nb6 12. b3 {
Controls a4+c4} Rc8 13. Qe3 Ng4 {Black threatens to win material: Ng4xe3} (
13... Qd6 14. Qd2 $11) 14. Qf3 (14. Qd2 Nf6 $11) 14... h5 (14... c5 15. Qd3
cxd4 16. Qxd4+ Nf6 17. a4 $11) 15. h3 {White threatens to win material: h3xg4}
(15. Qd3 Nf6 $14) 15... Nh6 16. Qd3 Qd7 17. f3 $4 {forfeits the advantage} (17.
a4 $142 $5 $11 {and White has air to breath}) 17... Bxh3 $4 {throwing away the
advantage} (17... g5 $142 $19 {might be the shorter path}) 18. Qe3 (18. f4 Bg4
$17) 18... Bxg2 (18... Qd6 19. f4 Bxg2 20. Kxg2 $17) 19. Nxg2 (19. Kxg2 $142 $5
e6 20. g4 $17) 19... Nf5 $19 20. Qf4 Rce8 (20... c5 21. dxc5 Rxc5 22. g4 $19)
21. g4 hxg4 22. fxg4 Nh6 23. Nh4 $2 (23. Ne3 $142 f6 24. g5 fxg5 25. Qxg5 $17)
23... Qxg4+ $19 24. Qxg4 (24. Ng2 g5 25. Qxg4 Nxg4 $19) 24... Nxg4 25. Rf3 (25.
Nf3 {doesn't change anything anymore} Rh8 $19) 25... Rh8 26. Ng2 Nd7 27. Raf1 (
27. Rg3 {cannot change what is in store for White} f5 $19) 27... f6 (27... f5 {
keeps an even firmer grip} 28. Rg3 e5 29. dxe5 Ndxe5 30. Rf4 $19) 28. e4 (28.
Rg3 {doesn't change the outcome of the game} f5 $19) 28... Nh2 (28... dxe4 $5 {
makes it even easier for Black} 29. Rg3 Nh2 30. Rf5 Nf3+ 31. Kf2 Nxd4 32. Rf4
$19) 29. exd5 Nxf1 30. Kxf1 cxd5 31. Nxd5 Rh1+ 32. Ke2 Ra1 (32... e5 {and
Black can already relax} 33. dxe5 Nxe5 34. Rg3 $19) 33. a4 (33. Rc3 {a
fruitless try to alter the course of the game} Nf8 34. Rc7 $19) 33... Nb6 (
33... e5 {might be the shorter path} 34. Re3 $19) 34. Nc7 $2 (34. Nxb6 $142
axb6 35. Rc3 $19) 34... Rc8 35. Ne6+ (35. Nf4 {is not the saving move} Kf7 (
35... Rxc7 $6 {is the less attractive alternative} 36. Ne6+ Kf7 37. Nxc7 $17)
36. Rc3 Rh1 $19) 35... Kg8 (35... Kf7 {seems even better} 36. Nc5 Nd7 37. Rc3
$19) 36. Nc5 (36. Ne3 Rc6 37. Nf4 g5 $19) 36... Nd5 (36... Nd7 $142 {might be
the shorter path} 37. Rc3 Rh1 $19) 37. Kd3 (37. c4 {praying for a miracle} b6
38. Na6 $19) 37... b6 38. Ne4 (38. Ke4 {does not win a prize} Nb4 39. Nd3 Nxc2
$19) 38... f5 (38... Nb4+ $5 {and Black can already relax} 39. Ke3 Rxc2 40. Nd2
$19) 39. c4 (39. Nd2 {does not improve anything} Rc3+ 40. Ke2 Rxc2 $19) 39...
Nb4+ 40. Ke3 fxe4 41. Kxe4 Re1+ (41... Rf8 $142 {seems even better} 42. Rg3 Kg7
43. Ne3 $19) 42. Kf4 $4 {makes life more difficult} (42. Nxe1 $142 {would be a
reprieve} Kg7 43. Re3 $14) 42... Rg1 (42... Rf8+ {keeps an even firmer grip}
43. Kg3 Rxf3+ 44. Kxf3 $19) 43. Ne3 {[%cal Yd4d5] White intends d5} (43. Kg3 {
doesn't get the bull off the ice} Nc2 44. Kf2 Rd1 $19) 43... Rf8+ 44. Ke4 {
[%cal Yd4d5] White plans d5} Rxf3 45. Kxf3 Nc6 46. d5 (46. Ke4 {hardly
improves anything} Rb1 $19) 46... Nd4+ 47. Kf2 Rb1 48. d6 (48. a5 {doesn't get
the cat off the tree} bxa5 49. c5 Rb2+ 50. Kg3 Rxb3 $19) 48... exd6 49. Nd5
Rxb3 50. Ne7+ Kf7 51. Nc8 Nf5 52. Nxa7 Rb4 (52... g5 53. Kf1 g4 54. Ke2 g3 55.
Nb5 Rb2+ 56. Kf3 g2 57. a5 g1=Q 58. Nxd6+ Ke6 59. c5 Qg3+ 60. Ke4 Re2#) 53. c5
dxc5 54. Nc6 Rxa4 55. Ne5+ 0-1

[Event "Sapporo Autumn Chess Tournament 2025"]
[Site "Sapporo Chess Club"]
[Date "2025.10.12"]
[Round "1.4"]
[White "Furuse, Mizuki"]
[Black "Ito, Katsuhide"]
[Result "1-0"]
[WhiteElo "1584"]
[BlackElo "1307"]
[Annotator "Fritz 11 SE (30s)"]
[PlyCount "75"]
[EventDate "2025.10.12"]

{[%mdl 8256] A13: English Opening: 1...e6} 1. Nf3 e6 2. g3 d5 3. Bg2 Nf6 4. c4
Nc6 5. O-O Be7 6. cxd5 exd5 7. d4 O-O 8. Nc3 Be6 $146 {Black has an active
position} (8... Ne4 9. Bf4 Nxc3 10. bxc3 Na5 11. Nd2 c6 12. Qc2 Be6 13. Rfe1 h6
14. Rab1 Bd6 15. Bxd6 Qxd6 16. e4 dxe4 17. Nxe4 Qc7 18. Nc5 Bd5 19. Re2 b6 20.
Nd3 Rae8 21. Rbe1 Rxe2 22. Qxe2 Bxg2 23. Kxg2 {Mkrtchian,L (2459)
-Charkhalashvili,I (2318) Chakvi 2015 1-0 (48)}) 9. Ne5 Qd6 (9... h5 10. h4 $14
) 10. Bf4 $16 a6 {Prevents intrusion on b5} (10... Qb4 $5 $16) 11. Ng6 $1 {
Discovered attack: e5, Bf4xd6} Qd7 (11... fxg6 12. Bxd6 {Discovered attack}) (
11... hxg6 12. Bxd6 {Discovered attack}) 12. Nxf8 Rxf8 13. Be5 (13. Rc1 h6 $16)
13... Nh5 (13... Ng4 $5 14. e4 Ncxe5 15. exd5 Bf5 16. dxe5 Nxe5 $16) 14. e4 $18
Bg4 $2 (14... dxe4 $142 15. Bxe4 g6 $18) 15. f3 Bh3 16. Nxd5 Bxg2 17. Kxg2 Nxe5
(17... Bd8 {is not the saving move} 18. Qb3 Na5 19. Qb4 $18) 18. dxe5 Bc5 (
18... c6 {cannot change destiny} 19. Nxe7+ Qxe7 20. f4 $18) 19. g4 (19. Rc1
$142 $5 {keeps an even firmer grip} Qb5 20. b4 Bxb4 $18) 19... c6 20. gxh5 cxd5
21. exd5 Qf5 22. f4 g5 23. h3 (23. hxg6 {seems even better} hxg6 24. Rf3 Qg4+
25. Kh1 Rc8 $18) 23... gxf4 (23... Be3 {what else?} 24. fxg5 Qxe5 $18) 24. Qg4+
Qxg4+ 25. hxg4 Be3 (25... Bd4 {doesn't improve anything} 26. Rae1 Rd8 27. Re2
$18) 26. Kf3 Rc8 27. Rad1 Kg7 (27... Kf8 {a fruitless try to alter the course
of the game} 28. Rd3 $18) 28. d6 Rd8 (28... Kf8 {cannot undo what has already
been done} 29. Rd3 $18) 29. Rd3 Kf8 (29... Kh6 {does not help much} 30. Rfd1
$18) 30. g5 Ke8 (30... Kg7 {doesn't get the cat off the tree} 31. Ke4 $18) 31.
Ke4 Kd7 (31... b5 {does not win a prize} 32. b4 Kd7 33. Rxe3 fxe3 34. Rxf7+ Kc6
35. Kxe3 $18) 32. Kd5 Rc8 (32... Rg8 33. Rxe3 $1 {Decoy: e3} fxe3 34. Rxf7+ Kc8
35. Rc7+ Kb8 $18) 33. Rc3 (33. Rxe3 Rc2 34. Rxf4 Rd2+ 35. Ke4 b6 36. Rxf7+ Kc6
37. Rd3 Rh2 38. d7 Rc2 39. d8=Q Rc4+ 40. Rd4 Rxd4+ 41. Qxd4 Kb5 42. Rb7 h6 43.
Rxb6+ Ka5 44. Qb4#) 33... Rg8 34. Rc7+ Kd8 35. Rxf7 (35. Rxb7 Kc8 36. Kc6 Bd2
37. d7+ Kd8 38. Kd6 Bb4+ 39. Rxb4 Rg6+ 40. hxg6 hxg6 41. Rb8#) 35... Rxg5 36.
Rxh7 Rg2 37. Rh8+ Kd7 (37... Rg8 {is no salvation} 38. Rxg8+ Kd7 39. e6#) 38.
e6# 1-0

[Event "Sapporo Autumn Chess Tournament 2025"]
[Site "Sapporo Chess Club"]
[Date "2025.10.12"]
[Round "1.5"]
[White "Uematsu, Maya"]
[Black "Nakamura, Mitsuru"]
[Result "0-1"]
[WhiteElo "1269"]
[BlackElo "1579"]
[Annotator "Fritz 11 SE (30s)"]
[PlyCount "64"]
[EventDate "2025.10.12"]

{[%mdl 8192] D02: 1 d4 d5 2 Nf3 sidelines, including 2...Nf6 3 g3 and 2...Nf6
3 Bf4} 1. d4 Nf6 2. Bf4 d5 3. Nf3 Bf5 4. Nbd2 e6 5. h3 c5 (5... h6 6. e3 Be7 7.
Ne5 Nbd7 8. g4 Bh7 9. Bg2 c6 10. O-O O-O 11. c4 {1/2-1/2 (11) Rakic,T (2455)
-Bukic,E (2500) Skender Vakuf 1980}) 6. c3 Nc6 7. e3 Bd6 8. Be2 $146 (8. Bxd6
Qxd6 9. Bb5 Nd7 10. Nh4 Bg6 11. O-O a6 12. Bxc6 bxc6 13. Nxg6 hxg6 14. Qa4 f6
15. c4 cxd4 16. cxd5 cxd5 17. exd4 Kf7 18. Rac1 Rhc8 19. Rc2 Nb6 20. Rxc8 Nxa4
21. Rxa8 Qc6 22. Ra7+ Kg8 {Gaerths,R (2285)-Hermann,M (2395) Germany 1993 1-0 
(109)}) (8. Qb3 $5 {is an interesting idea} Rb8 9. Bxd6 Qxd6 10. Qa3 $11) 8...
Bxf4 $15 9. exf4 O-O (9... cxd4 10. Nxd4 Nxd4 11. cxd4 $15) 10. O-O (10. dxc5
Qc7 $11) 10... cxd4 $17 11. Nxd4 Nxd4 12. cxd4 Qc7 13. Qb3 Qxf4 14. Nf3 b6 (
14... Rac8 $5 $17) 15. Rac1 $15 h6 {Covers g5} 16. Rfd1 Qd6 (16... Rfc8 17. Qe3
Qxe3 18. fxe3 $15) 17. Ne5 {White has an active position} Rac8 18. Qe3 (18. g4
Bh7 $15) 18... Nd7 $17 19. Bd3 Nxe5 20. dxe5 Qd7 21. Bxf5 exf5 22. Qd4 Rxc1 23.
Rxc1 Qe6 24. b4 Re8 25. Re1 (25. f4 Rc8 26. Rd1 Rc4 27. Qxd5 Rxb4 28. Qxe6 fxe6
29. Rd8+ Kh7 $15) 25... Rc8 (25... f4 $17) 26. b5 $2 (26. Rd1 $142 $5 $15 {
is interesting}) 26... Rc4 $17 27. Qe3 $2 (27. Qd3 $142 $17) 27... Re4 $19 28.
Qc3 (28. Qc1 Rxe1+ 29. Qxe1 $19) 28... d4 29. Qd2 Qxe5 30. Rxe4 (30. Rf1 {
doesn't change the outcome of the game} Re2 31. Qd3 Qe4 32. Qxe4 fxe4 $19 (
32... Rxe4 $6 33. Rd1 $19)) 30... fxe4 31. a4 (31. Qb2 {is not much help} Qc5
32. Kf1 d3 $19) 31... f5 (31... d3 32. Qc1 f5 33. Qc8+ Kh7 34. Qd7 $19) 32. Kf1
(32. g4 $19 {otherwise it's curtains at once}) 32... f4 (32... f4 33. f3 Kf7
34. Qa2+ Qe6 $19) 0-1

[Event "Sapporo Autumn Chess Tournament 2025"]
[Site "Sapporo Chess Club"]
[Date "2025.10.12"]
[Round "2.1"]
[White "kuramoto, koutarou"]
[Black "Furuse, Mizuki"]
[Result "1-0"]
[WhiteElo "1775"]
[BlackElo "1584"]
[Annotator "Fritz 11 SE (30s)"]
[PlyCount "79"]
[EventDate "2025.10.12"]

{[%mdl 8192] E60: King's Indian: Unusual lines and Fianchetto Variation
without Nc3} 1. b3 Nf6 2. Nf3 g6 3. Bb2 Bg7 4. g3 O-O 5. Bg2 c5 6. c4 Nc6 7.
O-O d6 8. d4 cxd4 9. Nxd4 Bd7 10. e4 (10. e3 a6 11. Nc3 Qa5 12. h3 Rab8 13. Re1
Rfe8 14. a3 Qh5 15. Qxh5 Nxh5 16. Nd5 Nf6 17. Nb6 Red8 18. b4 Be8 19. Rac1 Kf8
20. Red1 Nd7 21. Nd5 Nf6 22. Nxc6 Bxc6 23. Bxf6 Bxf6 24. Nxf6 exf6 {Romanishin,
O (2605)-Pigusov,E (2575) Tilburg 1994 0-1 (46)}) 10... Nxd4 (10... a5 11. Nc3
a4 12. Nxa4 Nxd4 13. Bxd4 Bxa4 14. bxa4 Nd7 15. Bxg7 Kxg7 16. e5 Nxe5 17. Bxb7
Ra7 18. Rb1 Qc7 19. Bd5 e6 20. Bg2 Nxc4 21. Rb4 d5 22. Qd4+ Kg8 23. Rc1 Rb8 24.
Rcb1 Rba8 25. Rc1 {Gomez Sanchez,J (2248)-Garcia Pantoja,R (2438) Havana 2014
1/2-1/2 (31)}) 11. Qxd4 $146 (11. Bxd4 Bc6 12. Nc3 a6 13. Rc1 Qa5 14. Re1 Nd7
15. Nd5 Qd8 16. Rc2 Rc8 17. h4 h5 18. Bh3 Bxd4 19. Qxd4 Ne5 20. Rc3 e6 21. f4
Nd7 22. Rd1 b6 23. Nb4 Bb7 24. e5 a5 25. Nc2 d5 {Jussupow,A (2490)-Estevez
Morales,G (2345) Cienfuegos 1979 1-0 (36)}) 11... Bc6 12. Qd3 Rb8 13. Nc3 a6 {
Controls b5} 14. Nd5 Nxd5 15. Bxg7 Kxg7 (15... Nf4 $1 16. gxf4 Kxg7 17. Qc3+ f6
$11) 16. exd5 $14 Bd7 17. Rfe1 Re8 18. Re3 b5 19. cxb5 Bxb5 20. Qd4+ Kg8 21.
Rae1 Rb7 22. a4 {White threatens to win material: a4xb5} Bd7 23. Bf1 a5 24. h4
f6 (24... h5 $5 $14 {is worth looking at}) 25. h5 $16 Bf5 26. hxg6 hxg6 27. g4
Rb4 $4 {further deteriorates the position} (27... Bc8 $142 $16) 28. Bc4 $18 Bc8
(28... Bd7 29. Rh3 Qb6 30. Qf4 $18) 29. g5 (29. Qxf6 $142 {might be the
shorter path} exf6 30. Rxe8+ Qxe8 31. Rxe8+ Kf7 32. Rxc8 Rb7 $18) 29... Bd7 (
29... fxg5 {hardly improves anything} 30. Qf6 $3 {Mate threat} exf6 31. Rxe8+
Qxe8 32. Rxe8+ Kf7 33. Rxc8 Rb7 $18) 30. gxf6 (30. Qh4 $142 {and White has it
in the bag} fxg5 31. Qxg5 $18) 30... exf6 $16 31. Rxe8+ Bxe8 32. Re6 Kf7 (32...
f5 $5 $16) 33. Qa7+ Kf8 $4 {a blunder in a bad position} (33... Kg8 $142 $16)
34. Qh7 $18 f5 35. f4 Rxc4 (35... Qb6+ 36. Kg2 Qd8 $18) 36. Qh8+ Kf7 37. bxc4
Qb6+ 38. Kg2 Qd8 39. Kg3 Qd7 40. Rf6+ (40. Rf6+ Ke7 41. Qf8+ Kd8 42. Rxd6 Qxd6
43. Qxd6+ Bd7 44. c5 g5 45. c6 Ke8 46. Qxd7+ Kf8 47. c7 gxf4+ 48. Kxf4 Kg8 49.
c8=Q#) 1-0